| 000 | 01971cam a2200265 4500500 | ||
|---|---|---|---|
| 005 | 20251228055912.0 | ||
| 041 | _afre | ||
| 042 | _adc | ||
| 100 | 1 | 0 |
_aNgan, Jules-Alain _eauthor |
| 245 | 0 | 0 | _aL’inclusion sociale des travailleurs en situation de handicap mental |
| 260 | _c2020. | ||
| 500 | _a5 | ||
| 520 | _aÀ partir de la loi de 2005 sur l’inclusion sociale des personnes en situation de handicap, cet article rend compte d’une recherche menée en 2014 auprès de résidents en situation de handicap mental en provenance d’un foyer spécialisé de Molsheim, intégrés dans un foyer ordinaire de Strasbourg en 2013 et accompagnés par cinq éducateurs. Le processus de construction identitaire généré par la mobilité de ces travailleurs est observé. En cohabitant avec des étudiants et travailleurs ordinaires à Strasbourg, ces résidents aspirent à la citoyenneté participative et progressent dans leur inclusion sociale. | ||
| 520 | _aFrom the Law of 2005 on the social Inclusion of People with Disabilities, this Article reports on a Research conducted in 2014 with Residents with mental Disabilities from a specialized Household in Molsheim, integrated into a regular Household in Strasbourg in 2013 and accompanied by five specialized Educators. The Identity Construction Process generated by the Mobility of these Workers is observed. By cohabiting with Students and ordinary Workers, some Residents with mental Disabilities aspire to participative Citizenship and progress in their social Inclusion. | ||
| 690 | _acitoyenneté participative | ||
| 690 | _ahandicap mental | ||
| 690 | _ainclusion sociale | ||
| 690 | _atravailleur | ||
| 690 | _amental disability | ||
| 690 | _aparticipative citizenship | ||
| 690 | _asocial inclusion | ||
| 690 | _aworker | ||
| 786 | 0 | _nEmpan | 117 | 1 | 2020-03-02 | p. 98-103 | 1152-3336 | |
| 856 | 4 | 1 | _uhttps://shs.cairn.info/revue-empan-2020-1-page-98?lang=fr&redirect-ssocas=7080 |
| 999 |
_c1586669 _d1586669 |
||